000 00558nam a2200229Ia 4500
003 OSt
005 20221005124400.0
006 a|||||r|||| 00| 0
007 ta
008 221004b |||||||| |||| 00| 0 tam d
024 _a52293
037 _cTextual
040 _aCRL
_cCRL
_btam
041 _2tam
_atam
082 _aV53:51.L9, 31J4
100 _aSampath Au.
_9635126
245 0 _aMudi chaynthathu
260 _c1954
650 _aHISTORY
942 _hV53:51.L9, 31J4
_cTEXL
_2cc
999 _c1050294
_d1050294